[Event "Copa Libertadores de América"]
[Site "SchemingMind.com"]
[Date "2008.11.26"]
[Round "-"]
[White "kalgon57"]
[Black "z"]
[Result "0-1"]
[WhiteCountry "FRA"]
[BlackCountry "IRQ"]
[WhiteElo "1557"]
[WhiteRD "118"]
[BlackElo "1833"]
[BlackRD "62"]
[GameID "180477"]

1. e4 e6 2. d4 d5 3. e5 c5 4. c3 Nc6 5. f4 Bd7 6. Nf3 Rc8 7. Bd2 Qb6 8. Qb3 Qc7 9. Bb5 c4 10. Qc2 Nge7
11. O-O h6 12. Be1 a6 13. Bxc6 Nxc6 14. Bg3 b5 15. Nbd2 b4 16. Nh4 a5 17. f5 Na7 18. fxe6 Bxe6 19. Nf5 g6 20. Qa4+ Qd7
21. Qxd7+ Kxd7 22. Ne3 bxc3 23. bxc3 Ba3 24. Rab1 Rb8 25. Ng4 Nb5 26. Nf6+ Kc6 27. Rf3 Rb7
0-1

[Event "Copa Libertadores de América"]
[Site "SchemingMind.com"]
[Date "2008.12.26"]
[Round "-"]
[White "z"]
[Black "alejandroales"]
[Result "1-0"]
[WhiteCountry "IRQ"]
[BlackCountry "ARG"]
[WhiteElo "1878"]
[WhiteRD "66"]
[BlackElo "1785"]
[BlackRD "92"]
[GameID "184692"]

1. e4 e6 2. d4 d5 3. e5 c5 4. c3 Nc6 5. Nf3 Qb6 6. a3 Nge7 7. b4 cxd4 8. cxd4 Nf5 9. Be3 h5 10. Nc3 Bd7
11. Na4 Qc7 12. Nc5 Rc8 13. Bd3 Nxe3 14. fxe3 Be7 15. O-O h4 16. Rc1 Rh6 17. Qe1 g5 18. h3 b6 19. Nxd7 Qxd7 20. Nh2 Nb8
21. Qf2 Rxc1 22. Rxc1 f6 23. Ng4 Rh8 24. Nxf6+ Bxf6 25. Bg6+ Ke7 26. Qxf6#
1-0

[Event "Copa Libertadores de América"]
[Site "SchemingMind.com"]
[Date "2008.12.27"]
[Round "-"]
[White "alejandroales"]
[Black "z"]
[Result "1-0"]
[WhiteCountry "ARG"]
[BlackCountry "IRQ"]
[WhiteElo "1832"]
[WhiteRD "87"]
[BlackElo "1882"]
[BlackRD "68"]
[GameID "184701"]

1. d4 d5 2. c4 dxc4 3. Nf3 Nf6 4. e3 e6 5. Bxc4 a6 6. Qe2 b5 7. Bb3 c5 8. O-O Nbd7 9. Nc3 Be7 10. Rd1 Qc7
11. d5 c4 12. dxe6 cxb3 13. exd7+ Bxd7 14. axb3 O-O 15. Bd2 Be6 16. Nd4 Bg4 17. f3 Bc8 18. Ncxb5 Qb6 19. Nc3 Rd8 20. Be1 Bd7
21. Bf2 Bc5 22. Na4 Bxa4 23. Rxa4 Re8 24. Qc4 Nd7 25. b4 Bf8 26. Nc6 Nf6 27. e4 Qc7 28. Rxa6 Rxa6 29. Qxa6 Re6 30. b5 Nd7
31. Bg3 Bd6 32. Rxd6 Rxd6 33. Ne7+ Kf8 34. Qxd6 Qc1+ 35. Kf2 Qxb2+ 36. Ke3 Qc1+ 37. Kd3 Nc5+ 38. Kd4 Ne6+ 39. Kd5 Qd2+ 40. Kc6 Qc3+
41. Kb7
1-0

[Event "Copa Libertadores de América"]
[Site "SchemingMind.com"]
[Date "2008.12.29"]
[Round "-"]
[White "emvarela"]
[Black "nimzoking"]
[Result "0-1"]
[WhiteCountry "ARG"]
[BlackCountry "ENG"]
[WhiteElo "1875"]
[WhiteRD "110"]
[BlackElo "2155"]
[BlackRD "85"]
[GameID "185399"]

1. e4 d5 2. exd5 Qxd5 3. Nc3 Qa5 4. d4 Nf6 5. Bd2 c6 6. Nf3 Bf5 7. Bc4 e6 8. Nh4 Bg6 9. Nxg6 hxg6 10. Nd5 Qd8
11. Nxf6+ Qxf6 12. c3 Bd6 13. Qb3 b5 14. a4 b4 15. h3 Nd7 16. Rd1 bxc3 17. Qxc3 O-O 18. Ba6 Nb6 19. Qxc6 Rfd8 20. Bc3 Rab8
21. d5 Be5 22. dxe6 Bxc3+ 23. bxc3 Qe5+ 24. Be2 Rxd1+ 25. Kxd1 Rc8 26. exf7+ Kf8 27. Qxg6 Nxa4 28. Bd3 Nxc3+ 29. Kd2 Qf4+
0-1

[Event "Copa Libertadores de América"]
[Site "SchemingMind.com"]
[Date "2008.12.29"]
[Round "-"]
[White "nimzoking"]
[Black "emvarela"]
[Result "1-0"]
[WhiteCountry "ENG"]
[BlackCountry "ARG"]
[WhiteElo "2155"]
[WhiteRD "85"]
[BlackElo "1875"]
[BlackRD "110"]
[GameID "185401"]

1. d4 Nf6 2. Bf4 e6 3. e3 d5 4. Nd2 c5 5. c3 cxd4 6. exd4 Bd6 7. Bg3 Bxg3 8. hxg3 O-O 9. Bd3 Nbd7 10. g4 e5
11. g5 e4 12. Bc2 Ne8 13. f4 Nb6 14. Qh5 Bf5 15. g4 Bg6 16. Qh3 f5 17. gxf6 Nxf6 18. f5 Bf7 19. g5 Nh5 20. Bd1 g6
21. Bxh5 gxh5 22. Ne2 Rc8 23. O-O-O Qd6 24. Rdg1 Kh8 25. g6 hxg6 26. fxg6 Kg7 27. gxf7+ Kxf7 28. Qxh5+ Ke7 29. Rg7+ Kd8 30. Qg5+ Ke8
31. Rhh7
1-0

[Event "Copa Libertadores de América"]
[Site "SchemingMind.com"]
[Date "2009.01.10"]
[Round "-"]
[White "Schaakmaatje"]
[Black "BigB"]
[Result "0-1"]
[WhiteCountry "NED"]
[BlackCountry "SVK"]
[WhiteElo "1752"]
[WhiteRD "60"]
[BlackElo "2274"]
[BlackRD "73"]
[GameID "186503"]

1. e4 c5 2. Nf3 d6 3. d4 cxd4 4. Nxd4 Nf6 5. Nc3 g6 6. Bg5 Bg7 7. f3 Nc6 8. Bb5 Bd7 9. Bxc6 bxc6 10. O-O Qb6
11. Be3 Qxb2 12. Qd2 Qb7 13. Rab1 Qc7 14. Nce2 O-O 15. c4 Rfb8 16. Nb3 a5 17. c5 a4 18. cxd6 exd6 19. Nbd4 Rxb1 20. Rxb1 d5
21. Bf4 Qa7 22. e5 Ne8 23. Kh1 c5 24. Nb5 Bxb5 25. Rxb5 Nc7 26. Rb1 Rb8 27. Rd1 a3 28. Qd3 c4 29. Qc3 Qa4 30. Rc1 Ne6
31. Bg3 Rb2 32. Nd4 Rxa2 33. Rb1 Rb2 34. Ra1 Nxd4 35. Qxd4 Qc2
0-1

[Event "Copa Libertadores de América"]
[Site "SchemingMind.com"]
[Date "2009.01.10"]
[Round "-"]
[White "BigB"]
[Black "Schaakmaatje"]
[Result "1-0"]
[WhiteCountry "SVK"]
[BlackCountry "NED"]
[WhiteElo "2206"]
[WhiteRD "81"]
[BlackElo "1759"]
[BlackRD "55"]
[GameID "186510"]

1. e4 c5 2. c3 e5 3. Nf3 d6 4. d4 Nc6 5. dxe5 dxe5 6. Qxd8+ Kxd8 7. Ng5 Nh6 8. Bc4 f6 9. Ne6+ Bxe6 10. Bxe6 Ke7
11. Bd5 Nf7 12. Be3 Ke8 13. Na3 Rc8 14. O-O b6 15. Rfd1 Nd6 16. Rd2 a6 17. Nc4 Nxc4 18. Bxc4 Nb8 19. f4 h5 20. fxe5 fxe5
21. Rf1 Rc7 22. Rd5 b5 23. Rxe5+ Kd8 24. Bg5+ Kc8 25. Re8+ Kb7 26. Bd5+
1-0

[Event "Copa Libertadores de América"]
[Site "SchemingMind.com"]
[Date "2009.01.22"]
[Round "-"]
[White "baron1"]
[Black "jl1234"]
[Result "1-0"]
[WhiteCountry "ENG"]
[BlackCountry "POL"]
[WhiteElo "2240"]
[WhiteRD "123"]
[BlackElo "1712"]
[BlackRD "66"]
[GameID "187975"]

1. e4 e5 2. Nf3 Nc6 3. Bb5 Nd4 4. Nxd4 exd4 5. O-O a6 6. Bc4 b5 7. Bxf7+ Kxf7 8. Qh5+ Ke7 9. Qe5+ Kf7 10. Qd5+ Ke8
11. Qxa8 c6 12. d3 Qc7 13. Bf4 d6 14. a4 Qb7 15. Qxb7 Bxb7 16. axb5 cxb5 17. Nd2
1-0

[Event "Copa Libertadores de América"]
[Site "SchemingMind.com"]
[Date "2009.01.22"]
[Round "-"]
[White "jl1234"]
[Black "baron1"]
[Result "0-1"]
[WhiteCountry "POL"]
[BlackCountry "ENG"]
[WhiteElo "1712"]
[WhiteRD "66"]
[BlackElo "2240"]
[BlackRD "123"]
[GameID "187980"]

1. d4 Nf6 2. Bg5 Ne4 3. Bh4 c5 4. f3 g5 5. fxe4 gxh4 6. d5 Qb6 7. Qc1 Bh6 8. e3 c4 9. Ke2 d6 10. h3 Nd7
11. Nc3 f5 12. Nf3 Nf6 13. exf5 Nh5 14. Rg1 Ng3+ 15. Kf2 Nxf5
0-1

[Event "Copa Libertadores de América"]
[Site "SchemingMind.com"]
[Date "2009.02.02"]
[Round "-"]
[White "wewoolfs"]
[Black "MARISCAL"]
[Result "0-1"]
[WhiteCountry "USA"]
[BlackCountry "ESP"]
[WhiteElo "1624"]
[WhiteRD "77"]
[BlackElo "2267"]
[BlackRD "90"]
[GameID "189894"]

1. e4 e6 2. d4 d5 3. Nc3 Nf6 4. e5 Nfd7 5. Nf3 c5 6. Nb5 a6 7. Nd6+ Bxd6 8. Be2 Be7 9. O-O cxd4 10. Bg5 Bxg5
11. Nxd4 Nxe5 12. f4 Bf6 13. fxe5 Bxe5 14. c3 Qb6 15. Kh1 Bxd4 16. Qxd4 Qxd4 17. cxd4 Nc6 18. Rad1 Bd7 19. a3 Rc8 20. b4 Ke7
21. Bh5 g6 22. Bf3 Rc7 23. g4 Rhc8 24. h4 Na7 25. Rfe1 Kf8 26. h5 Rc3 27. Kg2 Rxa3 28. hxg6 hxg6 29. Re2 Rcc3 30. Rf2 Rab3
31. Be2 Bb5 32. g5 Bxe2 33. Rxe2 Rxb4 34. Rdd2 Nc6
0-1

[Event "Copa Libertadores de América"]
[Site "SchemingMind.com"]
[Date "2009.02.02"]
[Round "-"]
[White "MARISCAL"]
[Black "wewoolfs"]
[Result "1/2-1/2"]
[WhiteCountry "ESP"]
[BlackCountry "USA"]
[WhiteElo "2267"]
[WhiteRD "90"]
[BlackElo "1624"]
[BlackRD "77"]
[GameID "189905"]

1. e4 c5 2. c3 Nc6 3. d4 e6 4. d5 Nce7 5. dxe6 fxe6 6. Qh5+ Ng6 7. e5 Qh4 8. Qxh4 Nxh4 9. Bg5 Nf5 10. Na3 Be7
11. Bxe7 Ngxe7 12. O-O-O O-O 13. Nb5 a6 14. Nd6 b5 15. Nxc8 Raxc8 16. Rxd7 Nd5 17. a4 Rc7 18. Rxc7 Nxc7 19. axb5 axb5 20. f3 Ne3
21. Nh3 Rd8 22. Nf2 c4 23. g3 Ncd5 24. Ne4 b4 25. Bxc4 Nxc4 26. cxb4 Rb8 27. Nc5 Nc7 28. Rd1 Nd5 29. Nxe6 Nxb4 30. Rd7 Nxe5
31. Rxg7+ Kh8 32. Re7 Nxf3 33. h3 Nd3+ 34. Kc2 Nxb2 35. Rf7 Ne5 36. Rf8+ Rxf8 37. Nxf8 Nbc4 38. Nxh7=
1/2-1/2

[Event "Copa Libertadores de América"]
[Site "SchemingMind.com"]
[Date "2009.02.20"]
[Round "-"]
[White "Frankygolucky"]
[Black "e_castle3"]
[Result "1-0"]
[WhiteCountry "GBR"]
[BlackCountry "PHI"]
[WhiteElo "1811"]
[WhiteRD "83"]
[BlackElo "1700"]
[BlackRD "68"]
[GameID "193111"]

1. d4 d5 2. c4 dxc4 3. Nf3 Nf6 4. e3 e6 5. Bxc4 Bb4+ 6. Bd2 Bxd2+ 7. Nbxd2 O-O 8. O-O Nc6 9. Rc1 Bd7 10. e4 Qe7
11. Re1 Rfd8 12. d5 Na5 13. Bd3 b6 14. a3 Nb7 15. Rxc7 Nc5 16. Bb5 Qd6 17. Rxd7 Nfxd7 18. Nc4 Qe7 19. b4 Nb7 20. Bc6 Rab8
21. Nd4 e5 22. Nf5 Qf6 23. Qg4 Nf8 24. Re3 Ng6 25. Rf3 Kh8 26. Nh6 Qxf3 27. Qxf3 gxh6 28. Qf6+ Kg8 29. Bxb7
1-0

[Event "Copa Libertadores de América"]
[Site "SchemingMind.com"]
[Date "2009.02.21"]
[Round "-"]
[White "e_castle3"]
[Black "Frankygolucky"]
[Result "0-1"]
[WhiteCountry "PHI"]
[BlackCountry "GBR"]
[WhiteElo "1700"]
[WhiteRD "68"]
[BlackElo "1811"]
[BlackRD "83"]
[GameID "193115"]

1. e4 e6 2. d4 d5 3. exd5 exd5 4. Nf3 Bd6 5. Be2 Nf6 6. O-O O-O 7. Re1 Bf5 8. Nc3 c6 9. Bf1 Nbd7 10. h3 h6
11. g4 Bh7 12. Bg2 Qc7 13. b3 Rae8 14. Bb2 Ne4 15. Nxe4 Bxe4 16. c4 f5 17. gxf5 Rxf5 18. Rc1 Ref8 19. Rc3 Bb4 20. Ree3 Bxc3
21. Bxc3 Qf4 22. Bd2 Bxf3 23. Rxf3 Qxd4 24. Rxf5 Rxf5 25. Qc1 Qxf2+ 26. Kh1 d4 27. Be1 Qe2 28. Bg3 d3 29. Bf4 Rxf4 30. Qxf4 d2
0-1

[Event "Copa Libertadores de América"]
[Site "SchemingMind.com"]
[Date "2009.03.14"]
[Round "-"]
[White "smothered mate"]
[Black "MARISCAL"]
[Result "0-1"]
[WhiteCountry "POL"]
[BlackCountry "ESP"]
[WhiteElo "1869"]
[WhiteRD "55"]
[BlackElo "2294"]
[BlackRD "102"]
[GameID "196422"]

1. e4 e6 2. d4 d5 3. exd5 exd5 4. Nf3 Bd6 5. Bd3 Ne7 6. O-O O-O 7. Re1 Bf5 8. Bg5 Bxd3 9. Qxd3 c6 10. c4 dxc4
11. Qxc4 Nd7 12. Nc3 Nb6 13. Qb3 Qc7 14. Bxe7 Bxe7 15. a4 Rae8 16. a5 Nd7 17. d5 Bd6 18. h3 Rxe1+ 19. Nxe1 Rd8 20. a6 Nc5
21. Qc4 b5 22. Qa2 b4 23. Na4 Ne4 24. dxc6 Bh2+ 25. Kf1 Nd2+ 26. Ke2 Qe5+ 27. Kd1 Nb3+ 28. Kc2 Nd4+
0-1

[Event "Copa Libertadores de América"]
[Site "SchemingMind.com"]
[Date "2009.03.14"]
[Round "-"]
[White "MARISCAL"]
[Black "smothered mate"]
[Result "1-0"]
[WhiteCountry "ESP"]
[BlackCountry "POL"]
[WhiteElo "2294"]
[WhiteRD "102"]
[BlackElo "1869"]
[BlackRD "55"]
[GameID "196428"]

1. e4 e5 2. Nf3 Nc6 3. Bb5 a6 4. Bxc6 dxc6 5. O-O Bg4 6. h3 Bh5 7. d3 Qf6 8. Nbd2 Bd6 9. Nc4 Bxf3 10. Qxf3 Qxf3
11. gxf3 Ne7 12. f4 exf4 13. e5 Bc5 14. Bxf4 Ng6 15. Bg3 O-O-O 16. Kg2 Rhe8 17. f4 f5 18. Rad1 Be7 19. Ne3 Rf8 20. d4 Bh4
21. Bxh4 Nxh4+ 22. Kg3 Ng6 23. h4 Ne7 24. c4 Rd7 25. Kf3 Rfd8 26. d5 cxd5 27. cxd5 Nxd5 28. e6 Rd6 29. Rxd5 Rxd5 30. e7 Rd2
31. exd8=Q+ Kxd8 32. Rd1 Rxd1 33. Nxd1 Ke7 34. Ne3 g6 35. h5 Kd6 36. h6 Kc5 37. Ng2
1-0

[Event "Copa Libertadores de América"]
[Site "SchemingMind.com"]
[Date "2009.04.03"]
[Round "-"]
[White "nimzoking"]
[Black "BigB"]
[Result "1/2-1/2"]
[WhiteCountry "ENG"]
[BlackCountry "SVK"]
[WhiteElo "2170"]
[WhiteRD "85"]
[BlackElo "2394"]
[BlackRD "74"]
[GameID "198675"]

1. c4 f5 2. Nc3 Nf6 3. g3 e5 4. Bg2 Nc6 5. e3 Nb4 6. d3 c6 7. a3 Na6 8. b4 Be7 9. Nge2 O-O 10. O-O Nc7
11. Bb2 d6 12. e4 fxe4 13. Nxe4 Nxe4 14. dxe4 a5 15. c5 axb4 16. axb4 dxc5 17. Bxe5 Qxd1 18. Rfxd1 Rxa1 19. Rxa1= Ne6 20. bxc5 Bxc5
21. Nf4 Rd8 22. Ra8 Kf7 23. h4 Nxf4 24. gxf4 Rg8=
1/2-1/2

[Event "Copa Libertadores de América"]
[Site "SchemingMind.com"]
[Date "2009.04.03"]
[Round "-"]
[White "BigB"]
[Black "nimzoking"]
[Result "1-0"]
[WhiteCountry "SVK"]
[BlackCountry "ENG"]
[WhiteElo "2366"]
[WhiteRD "72"]
[BlackElo "2102"]
[BlackRD "88"]
[GameID "198680"]

1. e4 d5 2. exd5 Qxd5 3. Nc3 Qa5 4. d4 Nf6 5. Nf3 Bf5 6. Ne5 c6 7. Bf4 e6 8. g4 Bg6 9. h4 Bb4 10. Rh3 Nd5
11. Bd2 Qb6 12. Nxd5 Bxd2+ 13. Qxd2 cxd5 14. Rb3 Qc7 15. Rc3 Qd8 16. Bb5+
1-0

[Event "Copa Libertadores de América"]
[Site "SchemingMind.com"]
[Date "2009.05.28"]
[Round "-"]
[White "baron1"]
[Black "Frankygolucky"]
[Result "1-0"]
[WhiteCountry "ENG"]
[BlackCountry "GBR"]
[WhiteElo "2382"]
[WhiteRD "116"]
[BlackElo "1865"]
[BlackRD "82"]
[GameID "206161"]

1. c4 Nf6 2. Nc3 e6 3. d4 d5 4. Bg5 Be7 5. Nf3 O-O 6. e3 Nbd7 7. Rc1 c6 8. Bd3 dxc4 9. Bxc4 Nd5 10. Bxe7 Qxe7
11. Ne4 N5f6 12. Nxf6+ Qxf6 13. O-O Re8 14. Qc2 h6 15. Rfd1 Nb6 16. Bd3 Bd7 17. Ne5 Rad8 18. b4 a6 19. a3 Bc8 20. f4 Qe7
21. Bh7+ Kh8 22. Bg6
1-0

[Event "Copa Libertadores de América"]
[Site "SchemingMind.com"]
[Date "2009.05.27"]
[Round "-"]
[White "Frankygolucky"]
[Black "baron1"]
[Result "0-1"]
[WhiteCountry "GBR"]
[BlackCountry "ENG"]
[WhiteElo "1823"]
[WhiteRD "84"]
[BlackElo "2346"]
[BlackRD "119"]
[GameID "206167"]

1. d4 Nf6 2. c4 e6 3. Nf3 b6 4. Nc3 Bb7 5. Bg5 h6 6. Bh4 Be7 7. Qc2 c5 8. e4 g5 9. Bg3 g4 10. Nd2 cxd4
11. Nb5 Na6 12. Nd6+ Bxd6 13. Bxd6 Nc5 14. f3 gxf3 15. gxf3 Nh5 16. h4 Qf6 17. b4 d3 18. Bxd3 Qxa1+
0-1

[Event "Copa Libertadores de América"]
[Site "SchemingMind.com"]
[Date "2009.06.09"]
[Round "-"]
[White "BigB"]
[Black "z"]
[Result "1-0"]
[WhiteCountry "SVK"]
[BlackCountry "IRQ"]
[WhiteElo "2403"]
[WhiteRD "74"]
[BlackElo "1864"]
[BlackRD "79"]
[GameID "207888"]

1. e4 d6 2. d4 Nf6 3. Nc3 g6 4. Be3 Bg7 5. Qd2 O-O 6. f3 c6 7. g4 e5 8. O-O-O Nbd7 9. dxe5 dxe5 10. h4 Qa5
11. h5 Re8 12. Nh3 Nf8 13. hxg6 fxg6 14. Ng5 b5 15. Qd6 Bb7 16. Qc5 N8d7 17. Bc4+ Nd5 18. Nxd5 Nxc5 19. Ne7+
1-0

[Event "Copa Libertadores de América"]
[Site "SchemingMind.com"]
[Date "2009.06.09"]
[Round "-"]
[White "z"]
[Black "BigB"]
[Result "0-1"]
[WhiteCountry "IRQ"]
[BlackCountry "SVK"]
[WhiteElo "1864"]
[WhiteRD "79"]
[BlackElo "2403"]
[BlackRD "74"]
[GameID "207896"]

1. e4 Nf6 2. e5 Nd5 3. d4 d6 4. c4 Nb6 5. Nf3 g6 6. Be2 dxe5 7. Nxe5 Bg7 8. f4 c5 9. Be3 Nc6 10. dxc5 Qxd1+
11. Bxd1 Nxe5 12. Na3 Nbxc4 13. Nxc4 Nxc4 14. Bf2 Nxb2 15. O-O Nxd1 16. Raxd1 Bd7 17. Rfe1 Bc6 18. Bh4 f6 19. g4 h5 20. g5 Kf7
21. gxf6 exf6 22. Re2 Rhe8 23. Red2 Re4 24. Bg3 f5 25. Kf2 Bf6 26. Rd6 h4 27. Rxf6+ Kxf6 28. Bxh4+ Kf7
0-1

[Event "Copa Libertadores de América"]
[Site "SchemingMind.com"]
[Date "2009.07.20"]
[Round "-"]
[White "MARISCAL"]
[Black "baron1"]
[Result "1/2-1/2"]
[WhiteCountry "ESP"]
[BlackCountry "ENG"]
[WhiteElo "2319"]
[WhiteRD "105"]
[BlackElo "2429"]
[BlackRD "108"]
[GameID "213103"]

1. e4 e5 2. Nf3 Nf6 3. Nc3 Nc6 4. d4 exd4 5. Nd5 Be7 6. Bc4 O-O 7. O-O Nxe4 8. Re1 Nf6 9. Nxe7+ Nxe7 10. Qxd4 d5
11. Bd3 b6 12. b4 Ng6 13. Bb2 Qd6 14. a4 Bd7 15. b5 Rfe8 16. a5 Rxe1+ 17. Rxe1 Nf4 18. Bf1 Re8 19. Rxe8+ Bxe8 20. axb6 axb6
21. Qa4 Ne6 22. Bxf6 gxf6 23. Qg4+ Kh8 24. Qh4 Qf4 25. Qxf4 Nxf4 26. Nd4 Bd7 27. f3 Kg7 28. Kf2 Kf8 29. Ke3 Ng6 30. Be2 Ke7
31. Bd3 Kd6 32. c3 h6 33. Bf5 Be8 34. Bd3=
1/2-1/2

[Event "Copa Libertadores de América"]
[Site "SchemingMind.com"]
[Date "2009.07.19"]
[Round "-"]
[White "baron1"]
[Black "MARISCAL"]
[Result "1-0"]
[WhiteCountry "ENG"]
[BlackCountry "ESP"]
[WhiteElo "2429"]
[WhiteRD "108"]
[BlackElo "2319"]
[BlackRD "105"]
[GameID "213109"]

1. c4 e5 2. Nc3 Nf6 3. Nf3 Nc6 4. g3 Bb4 5. Bg2 O-O 6. O-O e4 7. Ng5 Bxc3 8. bxc3 Re8 9. Qc2 Qe7 10. d3 exd3
11. exd3 d6 12. Bf4 h6 13. Nf3 Bf5 14. Rab1 a5 15. Rxb7 Ne5 16. Bxe5 dxe5 17. Rb5 Bxd3 18. Qxd3 e4 19. Qe3 exf3 20. Qxe7 Rxe7
21. Bxf3 Ra6 22. Rd1 a4 23. c5 Ne4 24. Re1 f5 25. Bxe4 fxe4 26. a3 Rf6 27. Rb4 Rf3 28. Rexe4 Rxe4 29. Rxe4 Rxc3 30. Rxa4 Rxc5
31. Kg2 Kf7 32. Ra7 Kf6 33. a4 Rc4 34. a5 Ra4 35. a6 c5 36. Ra8 c4 37. Kf3 Kf5 38. h3 Ra3+ 39. Ke2 Kg6 40. a7 Kh7
41. Kd2 c3+ 42. Kc2 Kg6 43. f4 Kh5 44. Kd3 c2+ 45. Kxc2 Kg6 46. Kb2 Ra5 47. g4 Ra6 48. h4 Ra5 49. f5+ Kh7 50. Kc3 Ra3+
51. Kb4 Ra1 52. Kc5 Rc1+ 53. Kd6 Rd1+ 54. Ke7 Re1+ 55. Kf7 Ra1 56. g5
1-0

[Event "Copa Libertadores de América"]
[Site "SchemingMind.com"]
[Date "2009.10.24"]
[Round "-"]
[White "baron1"]
[Black "BigB"]
[Result "1/2-1/2"]
[WhiteCountry "ENG"]
[BlackCountry "SVK"]
[WhiteElo "2420"]
[WhiteRD "105"]
[BlackElo "2513"]
[BlackRD "73"]
[GameID "223943"]

1. c4 e5 2. Nc3 Bb4 3. Nd5 a5 4. Nf3 d6 5. a3 Bc5 6. e3 Ba7 7. d4 c6 8. Nc3 Nd7 9. Be2 Ngf6 10. O-O O-O
11. h3 Re8 12. Qc2 Qc7 13. Rd1 Bb8 14. Nd2 d5 15. dxe5 Nxe5 16. cxd5 cxd5 17. Nf1 Ng6 18. Ng3 Bd7 19. Qd3 Bc6 20. Bd2 Qd7
21. Rac1 Bxg3 22. fxg3 Ne5 23. Qd4 Nc4 24. Rc2 b5 25. Bc1 Qe7 26. e4 Rad8 27. Qf2 Nxe4 28. Nxe4 dxe4 29. Rxd8 Rxd8 30. b3 Ne5
31. Qb6 Bd7 32. Qxa5 Nd3=
1/2-1/2

[Event "Copa Libertadores de América"]
[Site "SchemingMind.com"]
[Date "2009.10.24"]
[Round "-"]
[White "BigB"]
[Black "baron1"]
[Result "1/2-1/2"]
[WhiteCountry "SVK"]
[BlackCountry "ENG"]
[WhiteElo "2513"]
[WhiteRD "73"]
[BlackElo "2420"]
[BlackRD "105"]
[GameID "223949"]

1. e4 c6 2. d4 d5 3. Nc3 dxe4 4. Nxe4 Nd7 5. Bd3 Ngf6 6. Ng5 h6 7. Ne6 Qa5+ 8. Bd2 Qb6 9. Nxf8 Nxf8 10. Nf3 Bg4
11. O-O Ne6 12. h3 Bxf3 13. Qxf3 Qxd4 14. Rfe1 O-O 15. Bc3 Qd5 16. Qg3 Rad8 17. Re5 Qd6 18. Rd1 Nd5 19. Bc4 Rfe8 20. Rd2 b5
21. Bxd5 cxd5 22. Ba5 Rd7 23. Rexd5 Qxd5 24. Rxd5 Rxd5 25. Qf3 Rc5 26. c3 Rb8 27. Kh2 Rcc8 28. b3 Nd8 29. Qg3 a6 30. Bb4 Rb7
31. Qg4=
1/2-1/2